000 00937nam a2200301 i 4500
003 EG-GICUC
005 20260301134407.0
008 260301s1998 fr ||||fr|||| 00| 0 fre d
020 _a2841465241
040 _aEG-GiCUC
_bfre
_cEG-GiCUC
_dEG-GiCUC
_eRda
082 0 4 _221
_a341.48
_bIN
092 0 4 _221
099 _aLaw1 11 341.48 IN 1998
245 1 0 _aIntroduction Aux Droits De L'homme /
_cMarie Agnès Combesque.
_b
_n
264 1 _aParis :
_bSyros Jeunesse,
_c1998.
300 _a207page :
_billustration ;
_c 24 cm.
336 _2rda contenu
_a texte
337 _2rda medias
_aOrdinateur
338 _2 transporteur rda
_a Ressource en ligne
504 _a
546 _aTexte en français
650 1 4 _aDroit international public
_2
651 1 _2
700 1 _aCombesque, Marie Agnès
_ePréfacier
856 4 0 _uhttps://fll.law.cu.edu.eg/fulltext/bks/B11-09193.pdf
905 _a50
942 _2ddc
_cBK
_e21
_n0
999 _c64485
_d64485